| 000 | 00467nam a22001577a 4500 | ||
|---|---|---|---|
| 005 | 20260216011221.0 | ||
| 008 | 260216b |||||||| |||| 00| 0 eng d | ||
| 020 | _a978 971 37 0392 7 | ||
| 040 | _cJHCSC | ||
| 082 | _a005.5 J49 2010 | ||
| 100 |
_910146 _aJemma Development Group _eauthor |
||
| 245 |
_aoffice productivity _busing MS Office 2007 |
||
| 260 |
_aphilippines _bjemma development group _c2010 |
||
| 300 |
_axv. 395 pages _bwith pictures |
||
| 942 |
_2ddc _cBOOK |
||
| 999 |
_c11339 _d11339 |
||